[Event "Campeonato Nacional  Femenino 2011"]
[Site "Ciudad de Holguin. Cuba"]
[Date "2011.01.28"]
[Round "1.1"]
[White "Ordaz, Lisandra"]
[Black "Ramon Pita, Vivian"]
[Result "1/2-1/2"]
[WhiteElo "2343"]
[BlackElo "2203"]
[PlyCount "58"]
[EventDate "2011.01.29"]
[EventType "swiss"]
[EventRounds "9"]
[EventCountry "CUB"]
[EventCategory "1"]

1. d4 Nf6 2. c4 c5 3. d5 e6 4. Nc3 exd5 5. cxd5 d6 6. e4 g6 7. f4 Bg7 8. Bb5+
Nfd7 9. a4 O-O 10. Nf3 Na6 11. O-O Nb4 12. Be3 a6 13. Bc4 Nb6 14. Be2 Bg4 15.
h3 Bxf3 16. Rxf3 Re8 17. f5 Nd7 18. Qd2 Ne5 19. Rf2 f6 20. Bf4 Qe7 21. Raf1 g5
22. Be3 Kh8 23. g4 Nf7 24. Bc4 Bh6 25. Re2 Ne5 26. b3 Rg8 27. Rg2 Nf7 28. Re1
Ne5 29. Rf1 Nf7 1/2-1/2

[Event "Campeonato Nacional  Femenino 2011"]
[Site "Ciudad de Holguin. Cuba"]
[Date "2011.01.28"]
[Round "1.2"]
[White "Corrales, Zenia"]
[Black "Piña, Sulennis"]
[Result "1-0"]
[WhiteElo "2197"]
[BlackElo "2325"]
[PlyCount "119"]
[EventDate "2011.01.29"]
[EventType "swiss"]
[EventRounds "9"]
[EventCountry "CUB"]
[EventCategory "1"]

1. e4 c5 2. Nf3 Nc6 3. d4 cxd4 4. Nxd4 Nf6 5. Nc3 d6 6. Bg5 e6 7. Qd2 a6 8.
O-O-O Be7 9. f4 Nxd4 10. Qxd4 b5 11. Bxf6 gxf6 12. f5 Rb8 13. Kb1 b4 14. Ne2
Qb6 15. Qd2 Qc5 16. fxe6 fxe6 17. Nf4 a5 18. Be2 O-O 19. h4 Rf7 20. h5 a4 21.
Ng6 Rb6 22. Rh3 Bb7 23. e5 Bd8 24. exd6 Bd5 25. Nf4 Rxd6 26. Nxe6 Rxe6 27. Qxd5
Qxd5 28. Rxd5 Rxe2 29. Rxd8+ Kg7 30. a3 Rc7 31. h6+ Kf7 32. Rb8 bxa3 33. Rxa3
Rxg2 34. c3 Rg4 35. Rh8 Ke6 36. Ra8 Rh4 37. R3xa4 Rxh6 38. R8a6+ Ke7 39. Re4+
Kf7 40. c4 Rh1+ 41. Ka2 Rd1 42. b4 Rcd7 43. Kb3 Rb1+ 44. Kc3 Rc1+ 45. Kb2 Rf1
46. b5 Rd3 47. Kc2 Rg3 48. Re2 Rff3 49. Kb2 Rb3+ 50. Ka2 Rb4 51. Ra7+ Kg6 52.
Rb2 Rxc4 53. b6 Rc8 54. b7 Rb8 55. Ra8 Rxb7 56. Rxb7 Rg5 57. Kb2 h5 58. Kc2 Rg4
59. Kd3 Kf5 60. Ke3 1-0

[Event "Campeonato Nacional  Femenino 2011"]
[Site "Ciudad de Holguin. Cuba"]
[Date "2011.01.28"]
[Round "1.3"]
[White "Marrero, Yaniet"]
[Black "Miranda, Yerisbel"]
[Result "1-0"]
[WhiteElo "2315"]
[BlackElo "2183"]
[PlyCount "65"]
[EventDate "2011.01.29"]
[EventType "swiss"]
[EventRounds "9"]
[EventCountry "CUB"]
[EventCategory "1"]

1. e4 e5 2. Bc4 Nc6 3. d3 Bc5 4. a3 Nf6 5. Nc3 d6 6. Na4 Bg4 7. f3 Bh5 8. Ne2
a6 9. Nxc5 dxc5 10. Be3 Qd6 11. O-O O-O 12. Ng3 Bg6 13. f4 exf4 14. Rxf4 Ne5
15. Ba2 b6 16. Qe2 Qd7 17. h3 Kh8 18. Raf1 Ne8 19. b4 cxb4 20. axb4 Qa4 21. Bd5
c6 22. Bb3 Qxb4 23. d4 Nd7 24. e5 Qe7 25. Nf5 Bxf5 26. Rxf5 f6 27. e6 Nb8 28.
d5 Nd6 29. Rh5 g6 30. Rh4 Nf5 31. Rxf5 gxf5 32. d6 Qe8 33. e7 1-0

[Event "Campeonato Nacional  Femenino 2011"]
[Site "Ciudad de Holguin. Cuba"]
[Date "2011.01.28"]
[Round "1.4"]
[White "Catala, Ivette"]
[Black "Linares, Oleiny"]
[Result "0-1"]
[WhiteElo "2171"]
[BlackElo "2304"]
[PlyCount "152"]
[EventDate "2011.01.29"]
[EventType "swiss"]
[EventRounds "9"]
[EventCountry "CUB"]
[EventCategory "1"]

1. d4 Nf6 2. Nf3 g6 3. g3 Bg7 4. Bg2 O-O 5. O-O d6 6. Nc3 Nbd7 7. h3 c5 8. Be3
Rb8 9. a4 b6 10. Qd2 Re8 11. Rfd1 Bb7 12. d5 a6 13. Bh6 Bh8 14. Ng5 Ne5 15. b3
b5 16. axb5 axb5 17. e4 Qb6 18. Nf3 Nxf3+ 19. Bxf3 b4 20. Na4 Qc7 21. Qe3 e6
22. Qc1 exd5 23. exd5 Ne4 24. Rb1 Re7 25. Bg5 f6 26. Bf4 g5 27. Be3 Rbe8 28.
Kg2 Re5 29. c3 bxc3 30. Nxc3 Nxc3 31. Qxc3 Qf7 32. Qd3 Bg7 33. b4 cxb4 34. Rxb4
Bc8 35. Rb6 Bf5 36. Qa6 Bf8 37. Rb7 Qg6 38. Rb4 Be4 39. Bxe4 Rxe4 40. Qa4 f5
41. Rxe4 Rxe4 42. Rd4 Re5 43. Qc2 Be7 44. Rd1 Re4 45. Qc8+ Bf8 46. Bd4 f4 47.
gxf4 Rxf4 48. Be3 Qe4+ 49. Kh2 Rf5 50. Rd4 Qe5+ 51. Kg1 Kf7 52. Qb7+ Be7 53.
Qc8 Bf8 54. Rc4 Qxd5 55. Rc7+ Kg8 56. Qd7 Rf7 57. Qxf7+ Qxf7 58. Rxf7 Kxf7 59.
Bxg5 Ke6 60. Kg2 Kf5 61. Be3 Ke4 62. Kg3 d5 63. Kg4 Bg7 64. Bb6 Bd4 65. Ba5
Bxf2 66. Bc3 Bd4 67. Bd2 Bg7 68. h4 d4 69. Kh5 d3 70. Bc1 Bd4 71. Kh6 Be3+ 72.
Bxe3 Kxe3 73. Kxh7 d2 74. h5 d1=Q 75. h6 Qh5 76. Kg7 Qg5+ 0-1

[Event "Campeonato Nacional  Femenino 2011"]
[Site "Ciudad de Holguin. Cuba"]
[Date "2011.01.28"]
[Round "1.5"]
[White "Arribas, Maritza"]
[Black "Castillo, Mairebis"]
[Result "1-0"]
[WhiteElo "2296"]
[BlackElo "2166"]
[PlyCount "76"]
[EventDate "2011.01.29"]
[EventType "swiss"]
[EventRounds "9"]
[EventCountry "CUB"]
[EventCategory "1"]

1. d4 Nf6 2. Nf3 g6 3. g3 Bg7 4. Bg2 c5 5. O-O cxd4 6. Nxd4 O-O 7. c4 Nc6 8.
Nc3 a6 9. Nb3 d6 10. Bg5 h6 11. Bd2 Ne5 12. c5 Nc4 13. Qc1 Nxd2 14. Qxd2 dxc5
15. Qf4 Qd6 16. Qc4 Nd7 17. Rad1 Qe5 18. Bxb7 Bxb7 19. Rxd7 Bc8 20. Nxc5 Rb8
21. Nd3 Qg5 22. Rc7 e5 23. Ne4 Qg4 24. f3 Qe6 25. Qxe6 Bxe6 26. b3 Rb6 27. Rfc1
Rd8 28. R1c6 Rxc6 29. Rxc6 a5 30. Ra6 Rc8 31. Rxa5 Rc2 32. Kf1 f5 33. Nec5 Bf7
34. Ra8+ Kh7 35. Ra7 Kg8 36. Ke1 Bd5 37. Kd1 Rc3 38. Kd2 e4 1-0

[Event "Campeonato Nacional  Femenino 2011"]
[Site "Ciudad de Holguin. Cuba"]
[Date "2011.01.28"]
[Round "1.6"]
[White "Fleites, Yuleikys"]
[Black "Vigoa Apecheche, Yanira"]
[Result "0-1"]
[WhiteElo "2155"]
[BlackElo "2290"]
[PlyCount "76"]
[EventDate "2011.01.29"]
[EventType "swiss"]
[EventRounds "9"]
[EventCountry "CUB"]
[EventCategory "1"]

1. e4 c5 2. Nf3 Nc6 3. Bb5 g6 4. O-O Bg7 5. c3 a6 6. Ba4 e5 7. d4 b5 8. d5 Na5
9. Bc2 d6 10. b4 Nb7 11. a4 Bd7 12. Be3 c4 13. Nbd2 Nf6 14. axb5 axb5 15. Qe2
O-O 16. Ba7 Nh5 17. Qe3 Qc8 18. Ra3 Nf4 19. Rfa1 Bh6 20. Qe1 Bg4 21. Be3 Rxa3
22. Rxa3 Bxf3 23. Nxf3 Nxg2 24. Kxg2 Qg4+ 25. Kf1 Qxf3 26. Bxh6 Qh3+ 27. Kg1
Qxh6 28. Qe3 Qh5 29. Ra7 Nd8 30. Ra5 f5 31. exf5 gxf5 32. Ra7 Nf7 33. Kf1 Kh8
34. h4 Qg4 35. Qg3 Qh5 36. Qe3 Rg8 37. Qh3 e4 38. Qh2 Ne5 0-1

[Event "Campeonato Nacional  Femenino 2011"]
[Site "Ciudad de Holguin. Cuba"]
[Date "2011.01.28"]
[Round "1.7"]
[White "Llaudy, Lisandra"]
[Black "Forgas, Yaniela"]
[Result "1-0"]
[WhiteElo "2238"]
[BlackElo "2130"]
[PlyCount "79"]
[EventDate "2011.01.29"]
[EventType "swiss"]
[EventRounds "9"]
[EventCountry "CUB"]
[EventCategory "1"]

1. e4 c5 2. f4 d6 3. Nf3 Nf6 4. Nc3 Nc6 5. e5 dxe5 6. Nxe5 Nd4 7. Bc4 e6 8. Ne2
a6 9. c3 Nxe2 10. Bxe2 Bd6 11. Qa4+ Nd7 12. O-O O-O 13. Qe4 Nf6 14. Qf3 Qc7 15.
d4 cxd4 16. cxd4 Nd5 17. Bd3 b5 18. Qh3 g6 19. Be3 f6 20. Rac1 Qg7 21. Rxc8
Raxc8 22. Qxe6+ Kh8 23. Qxd5 Qe7 24. Ng4 h5 25. Bxg6 hxg4 26. Qh5+ Kg8 27. Bd2
Qa7 28. Kh1 Qg7 29. Bf5 Rce8 30. d5 Re7 31. Bxg4 f5 32. Bf3 b4 33. Be1 Qxb2 34.
Qg6+ Kh8 35. Qxd6 Qg7 36. Bxb4 Rfe8 37. Qxa6 Re3 38. Bd6 Kg8 39. Be5 Qf7 40.
Qh6 1-0

[Event "Campeonato Nacional  Femenino 2011"]
[Site "Ciudad de Holguin. Cuba"]
[Date "2011.01.??"]
[Round "1.8"]
[White "Miranda, Tania"]
[Black "Perez, Jennifer"]
[Result "0-1"]
[WhiteElo "2129"]
[BlackElo "2231"]
[PlyCount "98"]
[EventDate "2011.01.29"]
[EventType "swiss"]
[EventRounds "9"]
[EventCountry "CUB"]
[EventCategory "1"]

1. e4 e5 2. Nf3 Nc6 3. Bb5 f5 4. Nc3 fxe4 5. Nxe4 Nf6 6. Nxf6+ Qxf6 7. Qe2 Be7
8. O-O O-O 9. Bxc6 Qxc6 10. Nxe5 Qxc2 11. Qc4+ Qxc4 12. Nxc4 d5 13. Ne5 Bc5 14.
d3 Bd4 15. Nf3 Bf6 16. d4 Bf5 17. Bg5 Rae8 18. Rfe1 Re4 19. Bxf6 Rxf6 20. Rxe4
dxe4 21. Ne1 Rc6 22. h3 Be6 23. b3 a5 24. Kf1 a4 25. f3 Rd6 26. Rd1 exf3 27.
Nxf3 axb3 28. axb3 Bxb3 29. Rc1 c6 30. Kf2 Bd5 31. Rb1 b5 32. Ke3 Re6+ 33. Kf2
Kf8 34. Ne5 Ke7 35. Ra1 Kd6 36. Ra7 Re7 37. Ra8 Rb7 38. Nd3 Rf7+ 39. Kg3 Bc4
40. Ne5 Re7 41. Nxc4+ bxc4 42. Kf3 c5 43. Rd8+ Kc6 44. Rc8+ Rc7 45. Rd8 cxd4
46. Rxd4 Kc5 47. Re4 c3 48. Ke3 c2 49. Kd2 c1=Q+ 0-1

[Event "Campeonato Nacional  Femenino 2011"]
[Site "Ciudad de Holguin. Cuba"]
[Date "2011.01.28"]
[Round "1.9"]
[White "Campos, Milena"]
[Black "Frometa, Zirka"]
[Result "1-0"]
[WhiteElo "2215"]
[BlackElo "2128"]
[PlyCount "69"]
[EventDate "2011.01.29"]
[EventType "swiss"]
[EventRounds "9"]
[EventCountry "CUB"]
[EventCategory "1"]

1. e4 c6 2. d4 d5 3. Nc3 g6 4. h3 Bg7 5. Nf3 e6 6. Be3 Ne7 7. Qd2 h6 8. exd5
cxd5 9. Bf4 a6 10. Bd3 Nbc6 11. Ne2 g5 12. Bh2 Nf5 13. c3 Nce7 14. O-O Ng6 15.
Ne5 Nxe5 16. dxe5 O-O 17. Bxf5 exf5 18. f4 f6 19. exf6 Bxf6 20. Rad1 Be6 21.
Ng3 Qb6+ 22. Kh1 Rae8 23. Nh5 Bf7 24. Bg1 Qd6 25. Nxf6+ Qxf6 26. Bc5 Bh5 27.
Bxf8 Bxd1 28. Qxd5+ Kxf8 29. fxg5 Qe6 30. Qxd1 hxg5 31. Qh5 Qf6 32. Qh7 f4 33.
Qxb7 Re7 34. Qc8+ Kg7 35. Qg4 1-0

[Event "Campeonato Nacional  Femenino 2011"]
[Site "Ciudad de Holguin. Cuba"]
[Date "2011.01.28"]
[Round "1.10"]
[White "Gutierrez, Amanda"]
[Black "Hernandez, Yuleisis"]
[Result "1/2-1/2"]
[WhiteElo "2022"]
[BlackElo "2206"]
[PlyCount "63"]
[EventDate "2011.01.29"]
[EventType "swiss"]
[EventRounds "9"]
[EventCountry "CUB"]
[EventCategory "1"]

1. e4 c5 2. Nf3 e6 3. d4 cxd4 4. Nxd4 Nc6 5. Nxc6 bxc6 6. Bd3 e5 7. O-O Nf6 8.
c4 Bc5 9. Nc3 O-O 10. a3 a5 11. Rb1 Rb8 12. Na4 Bd4 13. Bg5 h6 14. Bh4 d6 15.
Kh1 Be6 16. b4 axb4 17. axb4 Qe7 18. Qe2 Rfe8 19. f3 Qa7 20. Qc2 Nh5 21. Bf2
Nf4 22. Bxd4 Qxd4 23. Rfd1 Nxd3 24. Rxd3 Qxc4 25. Qxc4 Bxc4 26. Rxd6 Red8 27.
Rxd8+ Rxd8 28. h3 Bb5 29. Nc5 Rd2 30. Nb3 Rc2 31. Nc5 Rd2 32. Nb3 1/2-1/2

[Event "Campeonato Nacional  Femenino 2011"]
[Site "Ciudad de Holguin. Cuba"]
[Date "2011.01.29"]
[Round "2.2"]
[White "Linares, Oleiny"]
[Black "Campos, Milena"]
[Result "1/2-1/2"]
[WhiteElo "2304"]
[BlackElo "2215"]
[PlyCount "114"]
[EventDate "2011.01.29"]
[EventType "swiss"]
[EventRounds "9"]
[EventCountry "CUB"]
[EventCategory "1"]

1. e4 e5 2. Nf3 Nc6 3. Bb5 a6 4. Ba4 Nf6 5. Qe2 b5 6. Bb3 Be7 7. c3 d6 8. O-O
O-O 9. Rd1 Na5 10. Bc2 c5 11. d4 Qc7 12. h3 Re8 13. d5 c4 14. Nbd2 g6 15. Nf1
Bf8 16. Bg5 Bg7 17. Ng3 h6 18. Be3 Nb7 19. Nh2 Nc5 20. Ng4 Bxg4 21. hxg4 Qd7
22. f3 Nh7 23. Qd2 Ng5 24. Bxg5 hxg5 25. Qxg5 Qd8 26. Qxd8 Rexd8 27. b4 cxb3
28. axb3 Rdc8 29. b4 Nd7 30. Ne2 Bh6 31. Kf2 Nb8 32. Bd3 Nd7 33. Bc2 Nb8 34.
Ra2 Ra7 35. Bd3 Rac7 36. Bb1 Bg5 37. Ra3 Kg7 38. g3 Bf6 39. Kg2 Rh8 40. Bd3
Rcc8 41. Rh1 Rxh1 42. Kxh1 g5 43. Kg2 Bd8 44. Ra1 Bb6 45. Rc1 f6 46. Rc2 Be3
47. Ra2 Kf7 48. Ra1 Bd2 49. Rd1 Be3 50. Ra1 Bd2 51. Ra3 Be3 52. Ra2 Ke7 53. Ra1
Kf7 54. Rh1 Kg7 55. Ra1 Kf7 56. Ra2 Ke7 57. Ra3 Kf7 1/2-1/2

[Event "Campeonato Nacional  Femenino 2011"]
[Site "Ciudad de Holguin. Cuba"]
[Date "2011.01.29"]
[Round "2.3"]
[White "Perez, Jennifer"]
[Black "Arribas, Maritza"]
[Result "0-1"]
[WhiteElo "2231"]
[BlackElo "2296"]
[PlyCount "106"]
[EventDate "2011.01.29"]
[EventType "swiss"]
[EventRounds "9"]
[EventCountry "CUB"]
[EventCategory "1"]

1. Nf3 Nf6 2. g3 c5 3. c4 Nc6 4. Bg2 g6 5. d4 cxd4 6. Nxd4 Bg7 7. O-O O-O 8.
Nc3 Nxd4 9. Qxd4 d6 10. Qd3 Nd7 11. Qc2 Ne5 12. b3 Bf5 13. e4 Bd7 14. Bb2 Rc8
15. Qe2 a6 16. Nd5 b5 17. f4 Ng4 18. Bxg7 Kxg7 19. cxb5 axb5 20. f5 Nf6 21.
Nxf6 exf6 22. Rad1 Qc7 23. Qd2 Bc6 24. Qd4 Rce8 25. Rf2 Qb7 26. Rdf1 g5 27. Re1
Re5 28. Qxd6 Bxe4 29. Bxe4 Rxe4 30. Rxe4 Qxe4 31. Qd2 Rc8 32. Qd1 Rc3 33. Qf1
Qc6 34. Qg2 Qc5 35. Qe4 Re3 36. Qc2 Re1+ 37. Kg2 Qd5+ 38. Kh3 Re4 39. Qd2 Rd4
40. Qe2 b4 41. Qc2 h5 42. Qe2 h4 43. Qh5 hxg3 44. Kxg3 Qe5+ 45. Kg2 Rh4 46. Qf3
Qxh2+ 47. Kf1 Qe5 48. Kg2 Rf4 49. Qd3 Rg4+ 50. Kh3 Rh4+ 51. Kg2 Qh2+ 52. Kf1
Qh1+ 53. Ke2 Re4+ 0-1

[Event "Campeonato Nacional  Femenino 2011"]
[Site "Ciudad de Holguin. Cuba"]
[Date "2011.01.29"]
[Round "2.4"]
[White "Vigoa Apecheche, Yanira"]
[Black "Corrales, Zenia"]
[Result "1/2-1/2"]
[WhiteElo "2290"]
[BlackElo "2197"]
[PlyCount "105"]
[EventDate "2011.01.29"]
[EventType "swiss"]
[EventRounds "9"]
[EventCountry "CUB"]
[EventCategory "1"]

1. d4 Nf6 2. c4 g6 3. Nc3 d5 4. cxd5 Nxd5 5. e4 Nxc3 6. bxc3 Bg7 7. Bb5+ c6 8.
Ba4 O-O 9. Ne2 c5 10. O-O b6 11. Be3 cxd4 12. cxd4 Bb7 13. f3 Nc6 14. Rb1 e6
15. Bb5 a6 16. Ba4 Na5 17. Bb3 Nxb3 18. Qxb3 b5 19. Rfd1 Rc8 20. Rbc1 Rxc1 21.
Bxc1 Qd7 22. Ba3 Rc8 23. Bc5 Bh6 24. Nc3 Qc6 25. e5 Be3+ 26. Kf1 Qd7 27. Ke2
Bg5 28. a4 bxa4 29. Qxa4 Qxa4 30. Nxa4 Bc6 31. Nc3 f6 32. g3 fxe5 33. dxe5
Bxf3+ 34. Kxf3 Rxc5 35. Ne4 Rxe5 36. Rd7 Rf5+ 37. Ke2 Bh6 38. g4 Rf4 39. Kd3
Bg7 40. g5 Rf5 41. Rd8+ Kf7 42. Rd7+ Kf8 43. Ra7 Rd5+ 44. Ke2 h6 45. h4 hxg5
46. hxg5 Bd4 47. Rxa6 Ke7 48. Ra4 Bb6 49. Ra6 Bd8 50. Ke3 Ra5 51. Rc6 Kd7 52.
Rd6+ Ke7 53. Rc6 1/2-1/2

[Event "Campeonato Nacional  Femenino 2011"]
[Site "Ciudad de Holguin. Cuba"]
[Date "2011.01.29"]
[Round "2.5"]
[White "Hernandez, Yuleisis"]
[Black "Ordaz, Lisandra"]
[Result "1/2-1/2"]
[WhiteElo "2206"]
[BlackElo "2343"]
[PlyCount "84"]
[EventDate "2011.01.29"]
[EventType "swiss"]
[EventRounds "9"]
[EventCountry "CUB"]
[EventCategory "1"]

1. e4 e5 2. Nf3 d6 3. d4 exd4 4. Nxd4 Nf6 5. Nc3 Be7 6. Be2 O-O 7. O-O Re8 8.
f4 Bf8 9. Bf3 c5 10. Nb3 Nc6 11. Be3 Bf5 12. Bxc5 dxc5 13. Qxd8 Rexd8 14. exf5
c4 15. Bxc6 cxb3 16. Ba4 bxc2 17. Bxc2 Rd2 18. Rac1 b5 19. Ne4 Nxe4 20. Bxe4
Rad8 21. Rb1 Bc5+ 22. Kh1 Be7 23. a3 Bf6 24. b3 Bb2 25. a4 b4 26. h3 a5 27. Rf3
Bc3 28. Bc6 g6 29. fxg6 hxg6 30. Bb5 Kg7 31. Bc4 Rc2 32. Rd3 Rxd3 33. Bxd3 Rd2
34. Bb5 Rf2 35. Rf1 Rxf1+ 36. Bxf1 Be1 37. Kh2 f6 38. g4 g5 39. f5 Kf8 40. Kg2
Ke7 41. Kf3 Kd6 42. Ke4 Bc3 1/2-1/2

[Event "Campeonato Nacional  Femenino 2011"]
[Site "Ciudad de Holguin. Cuba"]
[Date "2011.01.29"]
[Round "2.6"]
[White "Ramon Pita, Vivian"]
[Black "Gutierrez, Amanda"]
[Result "0-1"]
[WhiteElo "2203"]
[BlackElo "2020"]
[PlyCount "154"]
[EventDate "2011.01.29"]
[EventType "swiss"]
[EventRounds "9"]
[EventCountry "CUB"]
[EventCategory "1"]

1. Nf3 d5 2. b3 c5 3. Bb2 Bf5 4. d3 Nd7 5. Nbd2 Ngf6 6. g3 e6 7. Bg2 Be7 8. O-O
h6 9. Re1 O-O 10. e4 Bh7 11. e5 Ne8 12. Nf1 Rc8 13. c4 Nb6 14. Qe2 a5 15. Red1
Qc7 16. a4 d4 17. N1d2 Nd7 18. Re1 Qb6 19. Rab1 Nc7 20. Ne4 Na6 21. Ba3 Qc7 22.
Nxd4 Nxe5 23. Nb5 Qd7 24. Rbd1 Nc6 25. Bb2 Nd4 26. Nxd4 cxd4 27. f4 Nc5 28.
Nxc5 Bxc5 29. Qf3 Rc7 30. Rf1 Qd6 31. Rde1 Qb6 32. Qd1 Rd8 33. Bc1 Re7 34. Re5
Bg6 35. g4 f6 36. Re2 Bf7 37. Be4 Rde8 38. Rg2 Qd6 39. Qf3 g6 40. Kh1 Qb6 41.
Qd1 Rf8 42. h4 Be8 43. f5 exf5 44. gxf5 g5 45. Bd5+ Bf7 46. Qf3 Bxd5 47. Qxd5+
Kh8 48. hxg5 hxg5 49. Rh2+ Kg7 50. Bd2 Qc6 51. Qxc6 bxc6 52. Bxa5 Rb8 53. Bd2
Re5 54. Rb1 Rxf5 55. b4 Rf3 56. Rb3 Bd6 57. Kg2 g4 58. Rh4 f5 59. Rh5 Re8 60.
Rb2 Re2+ 61. Kg1 Bf4 62. Bxf4 Rxb2 63. Rxf5 Rxd3 64. Bd6 Rd1+ 65. Rf1 Rdd2 66.
Re1 g3 67. b5 Rg2+ 68. Kh1 Rh2+ 69. Kg1 Rhg2+ 70. Kh1 cxb5 71. axb5 d3 72. b6
Rh2+ 73. Kg1 Rbg2+ 74. Kf1 Rc2 75. Kg1 d2 76. Rf1 Rc1 77. Be5+ Kg6 0-1

[Event "Campeonato Nacional  Femenino 2011"]
[Site "Ciudad de Holguin. Cuba"]
[Date "2011.01.29"]
[Round "2.7"]
[White "Piña, Sulennis"]
[Black "Fleites, Yuleikys"]
[Result "1-0"]
[WhiteElo "2325"]
[BlackElo "2155"]
[PlyCount "71"]
[EventDate "2011.01.29"]
[EventType "swiss"]
[EventRounds "9"]
[EventCountry "CUB"]
[EventCategory "1"]

1. e4 c5 2. Nf3 Nc6 3. Bb5 g6 4. Bxc6 dxc6 5. d3 Bg7 6. h3 Nf6 7. Nc3 Nd7 8.
Be3 e5 9. Qd2 h6 10. O-O Qe7 11. Nh2 Nf8 12. f4 exf4 13. Bxf4 Ne6 14. Bg3 Qg5
15. Qe1 Nd4 16. Qf2 O-O 17. Kh1 Qe7 18. Rae1 Be5 19. Bxe5 Qxe5 20. Nd1 Be6 21.
c3 Nb5 22. Nf3 Qh5 23. a4 Nc7 24. Qg3 Ne8 25. Ne3 Rd8 26. Qh2 g5 27. Ne5 g4 28.
N5xg4 Rxd3 29. Nf5 Bxf5 30. Rxf5 Qh4 31. Ref1 Rd6 32. Qe5 Re6 33. Qxe6 fxe6 34.
Rxf8+ Kg7 35. R1f7+ Kg6 36. Ne5+ 1-0

[Event "Campeonato Nacional  Femenino 2011"]
[Site "Ciudad de Holguin. Cuba"]
[Date "2011.01.29"]
[Round "2.8"]
[White "Miranda, Yerisbel"]
[Black "Forgas, Yaniela"]
[Result "1-0"]
[WhiteElo "2183"]
[BlackElo "2130"]
[PlyCount "101"]
[EventDate "2011.01.29"]
[EventType "swiss"]
[EventRounds "9"]
[EventCountry "CUB"]
[EventCategory "1"]

1. d4 Nf6 2. Nf3 d6 3. c4 Nbd7 4. Nc3 g6 5. e4 e5 6. Be2 Bg7 7. O-O O-O 8. Be3
Re8 9. Qc2 c6 10. h3 exd4 11. Nxd4 Nc5 12. f3 Nh5 13. Rfd1 Qh4 14. Bf1 Be5 15.
Qf2 Qxf2+ 16. Bxf2 Nf4 17. Nb3 Na6 18. Rac1 Nc7 19. Nd4 Nce6 20. Nc2 Nc5 21.
Ne3 a5 22. Ng4 Bxg4 23. hxg4 Kg7 24. g3 Nfe6 25. Bg2 g5 26. Rc2 Na6 27. a3 h6
28. Ne2 Kf8 29. Be3 Nec5 30. Nd4 Bxd4 31. Bxd4 Ke7 32. Kf2 f6 33. Bc3 a4 34. f4
Ne6 35. Ke3 Nac5 36. Bf3 Rh8 37. Rh2 Rh7 38. Rdh1 Rah8 39. Bd1 b5 40. cxb5 cxb5
41. Bc2 Nd7 42. Bd3 gxf4+ 43. gxf4 Nc7 44. Ba5 Ne6 45. Bxb5 Ndc5 46. Bc3 Rg8
47. Be2 Rgg7 48. Bd1 Nc7 49. g5 fxg5 50. fxg5 Rg8 51. Bf6+ 1-0

[Event "Campeonato Nacional  Femenino 2011"]
[Site "Ciudad de Holguin. Cuba"]
[Date "2011.01.29"]
[Round "2.9"]
[White "Frometa, Zirka"]
[Black "Catala, Ivette"]
[Result "1-0"]
[WhiteElo "2128"]
[BlackElo "2171"]
[PlyCount "97"]
[EventDate "2011.01.29"]
[EventType "swiss"]
[EventRounds "9"]
[EventCountry "CUB"]
[EventCategory "1"]

1. d4 Nf6 2. Nf3 e6 3. e3 b6 4. Bd3 Bb7 5. Nbd2 c5 6. c3 Be7 7. O-O O-O 8. b3
Nc6 9. a3 Qc7 10. Bb2 Rac8 11. Rc1 Qb8 12. Qe2 Rfe8 13. dxc5 bxc5 14. c4 d6 15.
Ng5 Ne5 16. Bb1 h6 17. f4 Ned7 18. Nh3 d5 19. g4 g6 20. g5 hxg5 21. Nxg5 d4 22.
e4 Nh5 23. Qg4 Ndf6 24. Qh4 Kg7 25. e5 Nh7 26. Ndf3 Bxf3 27. Rxf3 Nxg5 28. fxg5
Qxe5 29. Rcf1 Rf8 30. Bc1 Rcd8 31. Re1 Qb8 32. Qe4 Bd6 33. Re2 Kg8 34. Rh3 Rfe8
35. Rxh5 gxh5 36. Qh7+ Kf8 37. g6 Bxh2+ 38. Kh1 Ke7 39. Qxf7+ Kd6 40. Kxh2 Kc6+
41. Bf4 Qc8 42. Bd3 Qd7 43. b4 Kb7 44. bxc5 Rf8 45. Qxd7+ Rxd7 46. Bd6 Rf6 47.
Rb2+ Ka6 48. c6 Rd8 49. c5+ 1-0

[Event "Campeonato Nacional  Femenino 2011"]
[Site "Ciudad de Holguin. Cuba"]
[Date "2011.01.29"]
[Round "2.10"]
[White "Castillo, Mairebis"]
[Black "Miranda, Tania"]
[Result "0-1"]
[WhiteElo "2166"]
[BlackElo "2129"]
[PlyCount "110"]
[EventDate "2011.01.29"]
[EventType "swiss"]
[EventRounds "9"]
[EventCountry "CUB"]
[EventCategory "1"]

1. e4 c5 2. Nf3 d6 3. d4 cxd4 4. Nxd4 Nf6 5. Nc3 e6 6. Be3 a6 7. f3 b5 8. Qd2
Nbd7 9. a4 b4 10. Na2 d5 11. Be2 Bb7 12. Nxb4 dxe4 13. O-O Ne5 14. c3 Bc5 15.
Kh1 exf3 16. Nxf3 Qxd2 17. Bxd2 Nxf3 18. Bxf3 Bxf3 19. Rxf3 Bxb4 20. cxb4 Nd5
21. Rb3 Kd7 22. b5 Rhb8 23. Raa3 axb5 24. axb5 Nc7 25. Bf4 Rxa3 26. Rxa3 Rxb5
27. Ra7 e5 28. Bc1 Rd5 29. Be3 Rd1+ 30. Bg1 Rb1 31. Rb7 e4 32. Rb4 e3 33. Re4
Nd5 34. g4 g5 35. b4 Nf4 36. Rxe3 Rxb4 37. Bf2 Rb2 38. Bg3 Rb1+ 39. Be1 Rd1 40.
Kg1 Nd3 41. Kf1 Kd6 42. Rxd3+ Rxd3 43. Ke2 Rb3 44. Bd2 f6 45. Kf2 Kd5 46. Ba5
Ke4 47. Bc7 Rb7 48. Bd6 Rb2+ 49. Kg3 Rd2 50. Be7 Rd3+ 51. Kg2 Ke5 52. Bc5 Kf4
53. Be7 Rd2+ 54. Kg1 Kf3 55. h3 Kg3 0-1

[Event "Campeonato Nacional  Femenino 2011"]
[Site "Ciudad de Holguin. Cuba"]
[Date "2011.01.30"]
[Round "3.1"]
[White "Arribas, Maritza"]
[Black "Marrero, Yaniet"]
[Result "1/2-1/2"]
[WhiteElo "2296"]
[BlackElo "2315"]
[PlyCount "47"]
[EventDate "2011.01.29"]
[EventType "swiss"]
[EventRounds "9"]
[EventCountry "CUB"]
[EventCategory "1"]

1. Nf3 d5 2. g3 c6 3. Bg2 Bg4 4. d4 Nd7 5. O-O e6 6. Nbd2 Ngf6 7. c4 Bd6 8. Qb3
Rb8 9. Re1 O-O 10. e4 dxe4 11. Nxe4 Nxe4 12. Rxe4 Bf5 13. Re1 c5 14. Bg5 Qc7
15. Rad1 h6 16. Be3 b5 17. cxb5 c4 18. Qa4 Nb6 19. Qa5 Nd5 20. Qxc7 Bxc7 21.
Ne5 Bxe5 22. dxe5 Nxe3 23. Rxe3 Rxb5 24. Bf1 1/2-1/2

[Event "Campeonato Nacional  Femenino 2011"]
[Site "Ciudad de Holguin. Cuba"]
[Date "2011.01.30"]
[Round "3.2"]
[White "Corrales, Zenia"]
[Black "Linares, Oleiny"]
[Result "0-1"]
[WhiteElo "2197"]
[BlackElo "2304"]
[PlyCount "64"]
[EventDate "2011.01.29"]
[EventType "swiss"]
[EventRounds "9"]
[EventCountry "CUB"]
[EventCategory "1"]

1. e4 d6 2. d4 g6 3. Nc3 c6 4. f4 d5 5. e5 h5 6. Nf3 Bg4 7. Be3 e6 8. Qd2 Bxf3
9. gxf3 Nh6 10. Ne2 Nd7 11. Ng1 Qb6 12. O-O-O c5 13. dxc5 Bxc5 14. Bxc5 Nxc5
15. Nh3 O-O-O 16. Ng5 Rd7 17. b4 Na4 18. Ne4 Nf5 19. Bh3 Rhd8 20. Nf6 Rc7 21.
Bxf5 gxf5 22. Qd4 Qa6 23. Kd2 Nc3 24. Rde1 Rc4 25. Qe3 Ne4+ 26. Kd1 Rc3 27. Qc1
Rxf3 28. Rhg1 Nc3+ 29. Kd2 Qc4 30. Re3 Rxe3 31. Kxe3 Qe2+ 32. Kd4 Nb5+ 0-1

[Event "Campeonato Nacional  Femenino 2011"]
[Site "Ciudad de Holguin. Cuba"]
[Date "2011.01.30"]
[Round "3.3"]
[White "Campos, Milena"]
[Black "Vigoa Apecheche, Yanira"]
[Result "1/2-1/2"]
[WhiteElo "2215"]
[BlackElo "2290"]
[PlyCount "38"]
[EventDate "2011.01.29"]
[EventType "swiss"]
[EventRounds "9"]
[EventCountry "CUB"]
[EventCategory "1"]

1. e4 e6 2. d4 d5 3. Nd2 Nc6 4. Ngf3 Nf6 5. e5 Nd7 6. c3 f6 7. Bb5 fxe5 8. dxe5
Be7 9. Nd4 Nxd4 10. cxd4 O-O 11. Bd3 Qe8 12. Qg4 Qf7 13. O-O c5 14. Nf3 cxd4
15. b4 Re8 16. Bd2 Nf8 17. Rac1 Bd8 18. Rc2 Bd7 19. Rfc1 Ba4 1/2-1/2